Spomínali na Juraja Szabadosa po stopách osobností mesta

Bibliographic Details
Main Author: lia (Author)
Format: Article
Language:Slovak
Subjects:

MARC

LEADER 00000nab a2200000 a 4500
001 vtls000905728
003 SK-MaSNL
005 20260304201226.0
008 040720e20000405xo 0 slo
035 |a KE14675 
040 |a KEVKJB  |b slo  |c KEVKJB  |e AACR2 
041 0 |a slo 
044 |a xo  |c SK 
080 |a 784.66  |2 1981 
080 |a 929  |2 1981 
100 0 |a lia  |4 aut  |9 873412 
245 1 0 |a Spomínali na Juraja Szabadosa  |b po stopách osobností mesta 
590 |a Szabados, Juraj 1942-1995  |b hudobný skladateľ, -26.1.1995 
600 1 7 |a Szabados, Juraj,  |d 1941-1995  |2 KEVKJB  |9 252536 
650 0 7 |a populárna hudba  |2 KEVKJB  |9 3428 
650 0 7 |a spomienkové podujatia  |2 KEVKJB  |9 120764 
650 0 7 |a informácie  |2 KEVKJB  |9 1285 
651 7 |a Košice (Slovensko)  |2 KEVKJB  |9 18694 
651 7 |a KE,  |2 KEVKJB  |9 877256 
655 7 |a periodikum  |2 snkbucl  |9 29553 
773 0 8 |t Košický večer  |g Roč. 11  |g Roč. 32, č.67, 5.4.2000, s. 2 
852 |a ZVYKNI  |b KIS3GCP 
999 |c 3093921  |d 3095851